Algunos determinantes del éxito académico en una población con servicio de apoyo socioeconómico de la Universidad Nacional /
Wedi'i Gadw mewn:
| Prif Awdur: | |
|---|---|
| Fformat: | Texto |
| Pynciau: | |
| Tagiau: |
Ychwanegu Tag
Dim Tagiau, Byddwch y cyntaf i dagio'r cofnod hwn!
|
MARC
| LEADER | 00000 a a2200000 04500 | ||
|---|---|---|---|
| 001 | 66 | ||
| 003 | |||
| 040 | |||
| 100 | |a Rodríguez Hernández, Miguel | ||
| 245 | |a Algunos determinantes del éxito académico en una población con servicio de apoyo socioeconómico de la Universidad Nacional / |c Miguel Rodríguez Hernández | ||
| 650 | |a UNIVERSIDADES | ||
| 650 | |a POBLACION | ||
| 650 | |a EDUCACION | ||
| 650 | |a ASPECTOS EDUCATIVOS | ||
| 650 | |a EVALUACION DE PROGRAMAS | ||
| 773 | |g número 23 -24; páginas 47-55 | ||
| 999 | |c 31868 |d 31868 | ||
| 773 | 0 | |0 18806 |9 2151 |a Universidad Nacional de Costa Rica |d Heredia: C.R.: EUNA |o 02508 |t ABRA |x 14093928 | |
